|
|
|
|
| LEADER |
00000cam a2200000 7i4500 |
| 001 |
0000002133 |
| 005 |
20021119.0 |
| 090 |
0 |
0 |
|a 634.9021
|b MTC 2001
|
| 110 |
1 |
0 |
|a MALAYSIAN Timber Council
|
| 245 |
1 |
0 |
|a Forestry & environment :
|b fact sheets
|c Malaysian Timber Council
|
| 260 |
0 |
0 |
|a Kuala Lumpur :
|b MTC ,
|c 2001
|
| 300 |
|
|
|a 44 p. :
|b col. ill., maps ;
|c 21 cm.
|
| 650 |
0 |
0 |
|a Forests and forestry
|x Statistics
|
| 998 |
|
|
|a JPSM
|
| 999 |
|
|
|a 0000002908
|b Monograph
|c Open Shelf
|e Default branch
|
| 999 |
|
|
|a 0000003301
|b Monograph
|c Reference
|e Default branch
|
| 999 |
|
|
|a 0000003302
|b Monograph
|c Open Shelf
|e Default branch
|